Leather industry of Morocco.
| Format: | Book |
|---|---|
| Published: |
Casablanca:
Federation Marocaine Des Industries Du Cuir,
[199-].
|
| Subjects: |
| LEADER | 00467cam a2200157 7i4500 | ||
|---|---|---|---|
| 001 | 0000005612 | ||
| 005 | 19991025090000.0 | ||
| 002 | ##000007250 | ||
| 020 | 0 | 0 | |a T000005654 |
| 090 | 0 | 0 | |a P 685 |b LEA |
| 245 | 0 | 0 | |a Leather industry of Morocco. |
| 260 | 0 | 0 | |a Casablanca: |b Federation Marocaine Des Industries Du Cuir, |c [199-]. |
| 300 | 0 | 0 | |a n. p.. |
| 650 | 0 | 0 | |a Leather industry and trade -- |z Morocco |
| 651 | 0 | 0 | |a Morocco |
| 999 | |a 0000008589 |b Book |c Open shelf |e Business Information Centre | ||